MARC

LEADER 00000nam0a2200000 4500
001 302798
005 20231102001535.0
020 |a RU  |b 83-23679 
035 |a (RuTPU)RU\TPU\book\328015 
090 |a 302798 
100 |a 20150826d1983 m a0rusy5003 ca 
101 0 |a rus 
102 |a RU 
105 |a y z 001zb 
200 1 |a М. Л. Налбандян  |f А. Б. Хачатурян 
210 |a Москва  |c Мысль  |d 1983 
215 |a 144 с. 
225 1 |a Мыслители прошлого 
300 |a На обл. авт. не указан 
320 |a Библиогр.: с. 142-143 
600 1 |a Налбандян  |b Микаэл Лазаревич 
600 1 |a Налбандян (Налбандов)  |b М. (М. Л.)  |c армянский писатель, философ, революционный демократ  |f 1829-1866  |g Микаэл (Михаил Лазаревич)  |2 stltpush  |3 (RuTPU)RU\TPU\pers\37300  |9 20233 
606 1 |a Армянская философия  |x История  |z 18-19 в.  |2 stltpush  |3 (RuTPU)RU\TPU\subj\75737  |9 87382 
610 1 |a революционные демократы 
610 1 |a 19 в. 
610 1 |a общественная мысль 
610 1 |a Армения 
610 1 |a философы 
610 1 |a история 
610 1 |a персоналии 
686 |a Ю3(5Ар)  |v LBC/SL-A  |2 rubbk 
700 1 |a Хачатурян  |b А. Б.  |g Ашот Богданович  |4 070 
801 0 |a RU  |b RuMRKP  |c 19950704  |g psbo 
801 1 |a RU  |b 63413507  |c 20150826 
801 2 |a RU  |b 63413507  |c 20170815  |g RCR 
942 |c BK